000 00737nab a2200229u 4500
001 21303
003 HDC
007 c| |||a|c|aaaa
008 210306b20101001my ||||o |||| 00| 0 eng d
040 _aHDC
245 0 _aChinese halal market seen as source of rich potential
336 _atext
_2rdacontent
337 _acomputer
_2rdamedia
338 _aonline resource
_2rdacarrier
650 _aglobal halal market
_92232
650 _ahalal food markets
_918900
710 _aDagangHalal.com
856 _zRequest full-text at [email protected]
942 _2lcc
942 _cNEWS
942 _kNWS0 004938
999 _c18619
_d18619